Grupos económicos en las NIIF (Registro nro. 3232)

Detalles MARC
000 -LEADER
fixed length control field 01589 a2200253 4500
001 - CONTROL NUMBER
control field 40481
005 - DATE AND TIME OF LATEST TRANSACTION
control field 20260407155659.0
008 - FIXED-LENGTH DATA ELEMENTS--GENERAL INFORMATION
fixed length control field 260407a2014 arg spa d
003 - CONTROL NUMBER IDENTIFIER
control field AR-UNSa-BCEJYS
040 ## - CATALOGING SOURCE
Original cataloging agency AR-UNSa-BCEJYS
Language of cataloging spa
Transcribing agency AR-UNSa-BCEJYS
080 ## - UNIVERSAL DECIMAL CLASSIFICATION NUMBER
Universal Decimal Classification number 657:006.3
Common auxiliary subdivision Normas Internacionales de Información Financiera (NIIF)
020 ## - INTERNATIONAL STANDARD BOOK NUMBER
International Standard Book Number 978-987-716-015-4
041 ## - LANGUAGE CODE
Language code of text/sound track or separate title spa
100 1# - MAIN ENTRY--PERSONAL NAME
Personal name Casinelli, Hernán Pablo
245 10 - TITLE STATEMENT
Title Grupos económicos en las NIIF
Name of part/section of a work preparación de estados financieros consolidados. Combinaciones de negocios
264 #1 - PRODUCTION, PUBLICATION, DISTRIBUTION, MANUFACTURE, AND COPYRIGHT NOTICE
Place of production, publication, distribution, manufacture Buenos Aires :
Name of producer, publisher, distributor, manufacturer Osmar D. Buyatti
Date of production, publication, distribution, manufacture, or copyright notice 2014
300 ## - PHYSICAL DESCRIPTION
Extent 406 p.
Dimensions 22 cm.
505 ## - FORMATTED CONTENTS NOTE
Formatted contents note 1. Los estados financieros: conceptos subyacentes no escritos (pero fundamentales para el correcto entendimiento de las NIIF) - 2. El principio de control - 3. Adquisición y estados financieros consolidados: interacción entre la NIIF 3 y la NIFF 10 - 4. El método de la adquisición de la NIIF 3. Aspectos generales - 5. NIIF 3. Cuestiones de aplicación particular - 6. Preparación de estados financieros consolidados: aspectos generales - 7. Preparación de estados financieros consolidados: problemas relacionados con la unidad de medida - 8. La NIC 12 en la preparación de estados financieros consolidados - 9. Consideraciones particulares sobre la medición de las participaciones no controladoras - 10. Pérdida de control
590 ## - LOCAL NOTE (RLIN)
Local note niveau_biblio:m niveau_hierar:0
650 ## - SUBJECT ADDED ENTRY--TOPICAL TERM
Topical term or geographic name entry element NIIF
650 ## - SUBJECT ADDED ENTRY--TOPICAL TERM
Topical term or geographic name entry element niif
856 41 - ELECTRONIC LOCATION AND ACCESS
Uniform Resource Identifier <a href="https://biblioeco.unsa.edu.ar/pmb/images/libros/L126030.jpg">https://biblioeco.unsa.edu.ar/pmb/images/libros/L126030.jpg</a>
Link text Imagen de portada
Electronic format type image/jpeg
942 ## - ADDED ENTRY ELEMENTS (KOHA)
Koha item type
Existencias
Withdrawn status Lost status Damaged status Not for loan Home library Current library Shelving location Date acquired Total checkouts Full call number Barcode Date last seen Price effective from Koha item type
        Biblioteca Prof. Eusebio Cleto del Rey Biblioteca Prof. Eusebio Cleto del Rey   07/04/2026   P657:006.3 C339 v.2 L126030 07/04/2026 07/04/2026 Libro
        Biblioteca Prof. Eusebio Cleto del Rey Biblioteca Prof. Eusebio Cleto del Rey   07/04/2026   P657:006.3 C339 v.2 L126031 07/04/2026 07/04/2026 Libro
        Biblioteca Prof. Eusebio Cleto del Rey Biblioteca Prof. Eusebio Cleto del Rey   07/04/2026   P657:006.3 C339 v.2 L126032 07/04/2026 07/04/2026 Libro
        Biblioteca Prof. Eusebio Cleto del Rey Biblioteca Prof. Eusebio Cleto del Rey   07/04/2026   P657:006.3 C339 v.2 L126033 07/04/2026 07/04/2026 Libro
        Biblioteca Prof. Eusebio Cleto del Rey Biblioteca Prof. Eusebio Cleto del Rey   07/04/2026   P657:006.3 C339 v.2 L126034 07/04/2026 07/04/2026 Libro
        Biblioteca Prof. Eusebio Cleto del Rey Biblioteca Prof. Eusebio Cleto del Rey   07/04/2026   P657:006.3 C339 v.2 L126035 07/04/2026 07/04/2026 Libro
        Biblioteca Prof. Eusebio Cleto del Rey Biblioteca Prof. Eusebio Cleto del Rey   07/04/2026   P657:006.3 C339 v.2 L126036 07/04/2026 07/04/2026 Libro
        Biblioteca Prof. Eusebio Cleto del Rey Biblioteca Prof. Eusebio Cleto del Rey   07/04/2026   P657:006.3 C339 v.2 L126037 07/04/2026 07/04/2026 Libro
        Biblioteca Prof. Eusebio Cleto del Rey Biblioteca Prof. Eusebio Cleto del Rey   07/04/2026   P657:006.3 C339 v.2 L126038 07/04/2026 07/04/2026 Libro
        Biblioteca Prof. Eusebio Cleto del Rey Biblioteca Prof. Eusebio Cleto del Rey   07/04/2026   P657:006.3 C339 v.2 L126039 07/04/2026 07/04/2026 Libro